Embedded systems architecture : A comprehensive guide for engineers and programmers
This comprehensive textbook provides a broad and in-depth overview of embedded systems architecture for engineering students and embedded systems professionals. The book is well suited for undergraduate embedded systems courses in electronics/electrical engineering and engineering technology (EET) d...
Đã lưu trong:
| Príomhúdar: | |
|---|---|
| Formáid: | Leabhar |
| Teanga: | Undetermined |
| Foilsithe: |
Amsterdam
Elsevier
2005
|
| Ábhair: | |
| Clibeanna: |
Cuir Clib Leis
Gan Chlibeanna, Bí ar an gcéad duine leis an taifead seo a chlibeáil!
|
| Thư viện lưu trữ: | Trung tâm Học liệu Trường Đại học Cần Thơ |
|---|
| LEADER | 01131nam a2200229Ia 4500 | ||
|---|---|---|---|
| 001 | CTU_138429 | ||
| 008 | 210402s9999 xx 000 0 und d | ||
| 020 | |c 63.16 | ||
| 082 | |a 004.22 | ||
| 082 | |b N765 | ||
| 100 | |a Noergaard, Tammy | ||
| 245 | 0 | |a Embedded systems architecture : | |
| 245 | 2 | |b A comprehensive guide for engineers and programmers | |
| 245 | 0 | |c Tammy Noergaard | |
| 260 | |a Amsterdam | ||
| 260 | |b Elsevier | ||
| 260 | |c 2005 | ||
| 520 | |a This comprehensive textbook provides a broad and in-depth overview of embedded systems architecture for engineering students and embedded systems professionals. The book is well suited for undergraduate embedded systems courses in electronics/electrical engineering and engineering technology (EET) departments in universities and colleges, as well as for corporate training of employees | ||
| 650 | |a Hệ thống máy tính kết hợp,Kiến trúc máy tính,Embedded computer systems,Computer architecture | ||
| 904 | |i Nguyễn Hữu Lộc | ||
| 910 | |a Sách kèm theo đĩa | ||
| 980 | |a Trung tâm Học liệu Trường Đại học Cần Thơ | ||